000 00746nam a2200265 i 4500
001 142969
003 ES-MaACL
005 20250717094525.0
007 t|
008 071011s1988 sp ||||1| spa d
020 _a84-86152-48-8
080 _a618.2
100 1 _aVidart Aragón, J. A.
_9114539
245 1 0 _aObstetricia y ginecología /
_cpor J. A. Vidart Aragón, J. M. Jimeno García.
250 _a5ª ed.
260 _aMadrid :
_bLuzán,
_c1988.
300 _a3 v. ;
_c24 cm.
490 1 _aPregrado
650 7 _aObstetricia
_2embne
_915676
650 1 4 _aGinecología.
_913119
700 1 _aJimeno García, J. M.
_966647
830 0 _aPregrado
_9178352
852 _aES-MaACL
_jL-13117-9
_bR.119347
999 _c142969
_d142969